00380nam a2200145Ia 4500008004100000020001800041041000800059082001900067100001800086245006400104260002400168300000800192365001600200700001800216230718s9999 xx 000 0 und d a9780446394598 aeng a973.7'092bPHI aPhillips D.T. aLincoln On LeadershipbExecutive Strategies For Tough Times c2009bBusiness Plus a193 cRs.b550.00 aPhillips D.T.